[Event "Mittelfrankenliga-B2b 0506"]
[Site "Germany"]
[Date "2006.04.02"]
[Round "8.5"]
[White "Reinders, Rudolf"]
[Black "Reichmann, Ulrich"]
[Result "0-1"]
[WhiteElo "1902"]
[BlackElo "1908"]
[PlyCount "52"]
[EventDate "2005.10.16"]
[EventType "team"]
[EventRounds "9"]
[EventCountry "GER"]
[SourceTitle "EXT 2007"]
[Source "ChessBase"]
[SourceDate "2006.11.23"]
[SourceVersion "1"]
[SourceVersionDate "2006.11.23"]
[SourceQuality "1"]

1. e4 c5 2. d4 cxd4 3. c3 dxc3 4. Nxc3 e6 5. Nf3 a6 6. a4 b6 7. Bc4 Bb7 8. 0-0 Ne7 9. Bg5 Qc7 10. Qe2 Ng6 11. Rac1 Nc6 12. Rfd1 Bc5 13. Na2 h6 14. Be3 0-0 15. Qd2 Nce5 16. Nxe5 Qxe5 17. f3 Bxe3+ 18. Qxe3 d5 19. Qxb6 dxc4 20. Qxb7 Qc5+ 21. Kh1 Rab8 22. Qxa6 Rxb2 23. Nc3 Nf4 24. Qd6 Qf2 25. Rg1 Nh3 26. Rcf1 Qxg1+ 0-1

[Event "Mittelfranken-chT 0405"]
[Site "Germany"]
[Date "2004.11.07"]
[Round "2.6"]
[White "Steinmueller, Alexander"]
[Black "Reinders, Rudolf"]
[Result "1-0"]
[WhiteElo "2015"]
[BlackElo "1912"]
[PlyCount "79"]
[EventDate "2004.10.17"]
[EventType "team"]
[EventRounds "9"]
[EventCountry "GER"]
[SourceTitle "EXT 2007"]
[Source "ChessBase"]
[SourceDate "2006.11.23"]
[SourceVersion "1"]
[SourceVersionDate "2006.11.23"]
[SourceQuality "1"]

1. e4 e5 2. Nf3 Nc6 3. Bb5 a6 4. Bxc6 dxc6 5. 0-0 Bg4 6. h3 Bxf3 7. Qxf3 Qf6 8. Qb3 0-0-0 9. Qg3 Qf4 10. Qxf4 exf4 11. d3 g5 12. Bd2 Bg7 13. Bc3 Bd4 14. Bxd4 Rxd4 15. Nd2 h6 16. g4 Nf6 17. Kg2 Nd7 18. Nf3 Rd6 19. Rh1 Rg6 20. Nd4 Ne5 21. Nf5 Re6 22. b3 c5 23. Rad1 Nc6 24. h4 Rg8 25. hxg5 Rxg5 26. f3 Nd4 27. Nxh6 Nxc2 28. Rc1 Ne3+ 29. Kf2 Re7 30. Rh5 f6 31. Rxc5 Rh7 32. Rcxg5 fxg5 33. Nf5 Rf7 34. Rxg5 Nd1+ 35. Ke1 Nc3 36. a4 Na2 37. Kd2 Rf6 38. e5 Rb6 39. Kc2 Rc6+ 40. Kb2 1-0